000 00865cam a2200193 4500
001 WS121388
008 030218n 000 0 eng u
035 _a(Sirsi) u121388
110 _aAdjudication Society
_94411
245 _aAdjudication Society
520 _aWeb site for this not for profit society promoting resolution of construction disputes by means of adjudication. Includes links to newsletters and details of recent cases.
650 _aMANAGEMENT-DISPUTE AVOIDANCE, MANAGEMENT AND RESOLUTION-DISPUTE MANAGEMENT AND RESOLUTION-ALTERNATIVE DISPUTE RESOLUTION-ADJUDICATION
650 _aORGANISATION
650 _aHOUSING GRANTS, CONSTRUCTION AND REGENERATION ACT 1996
650 _aCASELAW
690 _aDispute resolution
_96236
856 4 0 _uhttps://www.adjudication.org
_zView the website free of charge at www.adjudication.org...
942 _n0
999 _c120239
_d120239